| 000 | 00474nam a22001817a 4500 | ||
|---|---|---|---|
| 999 |
_c525766 _d525766 |
||
| 003 | NUST | ||
| 005 | 20190704074350.0 | ||
| 038 | _aFaiza | ||
| 082 |
_a923.7 _bJAH |
||
| 100 |
_aJahan Ara Imam _99576 |
||
| 245 |
_aAikhtar ky wo din/ _cJahan Ara Imam |
||
| 260 |
_aLahore: _bJamohri Publications, _c2012. |
||
| 300 | _a376p. ; | ||
| 500 | _aHard Cover | ||
| 880 |
_6100-01\r _aجہاں آرا امام |
||
| 880 |
_6245-02\r _a /اکہتر کے وہ دن |
||
| 942 |
_2ddc _cBK |
||